000 00741nam a2200277Ia 4500
003 OSt
005 20221006142806.0
006 a|||||r|||| 00| 0
007 ta
008 221006b |||||||| |||| 00| 0 eng d
020 _c
_3.75 (each)
024 _a7,212
037 _cTextual
040 _aEASL
_cEASL
_beng
041 _2eng
_aeng
082 _aY48.41wM9, K6;1
100 _aSpencer Cornelia
_9103069
245 0 _aChina's leaders in ideas and action
260 _aPhiladelphia
_bMacrae Smith Co. U.S.A.
_c1966
300 _a188p.
_ccm.
490 _v CEL
650 _a CEL
650 _aLeaders - China
_9648432
942 _hY48.41wM9, K6;1
_cTEXL
_2CC
999 _c1075298
_d1075298